logo

Bir Sreshtho Munshi Abdur Rouf Library
Jhenaidah Cadet College

Structural design of sea-going ships / (Record no. 5654)

MARC details
000 -LEADER
fixed length control field 00909cam a22002771 4500
001 - CONTROL NUMBER
JCCL Control Number 5654
003 - CONTROL NUMBER IDENTIFIER
JCCL marc code BD-JhCC
005 - DATE AND TIME OF LATEST TRANSACTION
control field 20180303132345.0
008 - FIXED-LENGTH DATA ELEMENTS--GENERAL INFORMATION
fixed length control field 750306s1966 ru a 000 0 eng
035 ## - SYSTEM CONTROL NUMBER
system control number (BD-JhCC)5654
035 ## - SYSTEM CONTROL NUMBER
system control number (OCoLC)1202547
040 ## - CATALOGING SOURCE
Original cataloging agency DLC
Transcribing agency MeCasM
Modifying agency OCoLC
-- DLC
041 1# - LANGUAGE CODE
Language code of Book eng
Language code of original and/or intermediate translations of text rus
050 00 - LIBRARY OF CONGRESS CALL NUMBER
Classification number VM145
Item number .B3313
082 ## - DEWEY DECIMAL CLASSIFICATION NUMBER
Classification number 623.8/1
Author mark and Year BAR 1963
100 1# - MAIN ENTRY--PERSONAL NAME
Personal name Barabanov, N. V.
Fuller form of name (Nikolaĭ Vasilʹevich)
245 10 - TITLE STATEMENT
Title Structural design of sea-going ships /
Statement of responsibility, etc N. Barabanov. Translated from the Russian by Oleg Sapunov. Translation editor: Boris Kuzhetsov.
260 ## - PUBLICATION, DISTRIBUTION, ETC. (IMPRINT)
Place of publication, distribution, etc Moscow,
Name of publisher, distributor, etc Peace Publishers
Date of publication, distribution, etc [1963]
300 ## - PHYSICAL DESCRIPTION
Pagination 463 p.
Other physical details illus.
Dimensions 22 cm.
500 ## - GENERAL NOTE
General note Translation of: Konstrukts︠iia︡ korpusa morskikh sudov (romanized form)
650 #0 - SUBJECT ADDED ENTRY--TOPICAL TERM
Topical term or geographic name as entry element Naval architecture.
650 #0 - SUBJECT ADDED ENTRY--TOPICAL TERM
Topical term or geographic name as entry element Hulls (Naval architecture)
650 #0 - SUBJECT ADDED ENTRY--TOPICAL TERM
Topical term or geographic name as entry element Shipbuilding.
942 ## - ADDED ENTRY ELEMENTS (KOHA)
Source of classification or shelving scheme Dewey Decimal Classification
Koha item type Books
Holdings
Source of classification or shelving scheme Damaged status Not for loan Home library Current library Shelving location Total Checkouts Full call number Barcode Date last seen Copy number Koha item type
Dewey Decimal Classification     JCC Rouf Library JCC Rouf Library General Stacks   623.8/1 BAR 1963 7413 12/19/2017 C - 1 Books

JCC Library | Contacts | JCC Home

Last Update on 23 September 2017
Copyright @ 2017-2020 JCC Rouf Library
Rouf Library, Jhenidah Cadet College (JCC), Bangladesh